[Event "Int. Championship of Central Serbia - O"]
[Site "Paracin"]
[Date "2011.07.13"]
[Round "7.1"]
[White "Bogosavljevic, Boban"]
[Black "Saric, Sinisa"]
[Result "1/2-1/2"]
[WhiteElo "2548"]
[BlackElo "2472"]
[PlyCount "39"]
[EventDate "2011.??.??"]

1. Nf3 Nf6 2. g3 g6 3. Bg2 Bg7 4. O-O O-O 5. d4 Na6 6. c4 d6 7. Nc3 c5 8. h3
Bd7 9. b3 Bc6 10. e3 Ne4 11. Ne2 e6 12. Bb2 Rb8 13. Rb1 b5 14. dxc5 Bxb2 15.
Rxb2 bxc4 16. cxd6 c3 17. Rb1 Nb4 18. Nfd4 Bd5 19. a3 Na6 20. Rc1 1/2-1/2

[Event "Int. Championship of Central Serbia - O"]
[Site "Paracin"]
[Date "2011.07.13"]
[Round "7.2"]
[White "Savic, Miodrag R"]
[Black "Ulibin, Mikhail"]
[Result "0-1"]
[WhiteElo "2520"]
[BlackElo "2538"]
[PlyCount "140"]
[EventDate "2011.??.??"]

1. e4 e6 2. d4 d5 3. exd5 exd5 4. Nf3 Bd6 5. Bd3 Ne7 6. O-O Bg4 7. Re1 Nbc6 8.
c3 Qd7 9. Nbd2 O-O-O 10. Nf1 f6 11. h3 Bf5 12. Ne3 Bxd3 13. Qxd3 g5 14. Ng4 Ng8
15. Ne3 Nge7 16. Ng4 Ng8 17. Ne3 Nce7 18. c4 dxc4 19. Qxc4 Nh6 20. d5 Nhf5 21.
Kf1 Kb8 22. Bd2 h5 23. Nxf5 Qxf5 24. Rad1 g4 25. Nd4 Qxd5 26. Qxd5 Nxd5 27. Nf5
Be5 28. b3 gxh3 29. gxh3 b6 30. Rc1 Kb7 31. Rc4 c5 32. Rh4 Rh7 33. Re2 a5 34.
a3 Bb2 35. Bxa5 Bxa3 36. Be1 Bc1 37. Re6 Bf4 38. Re2 Rdd7 39. Re8 Be5 40. b4
cxb4 41. Bxb4 Nf4 42. Ne3 Rc7 43. Rd8 Rc1+ 44. Rd1 Rxd1+ 45. Nxd1 Rc7 46. Bd2
Rd7 47. Bxf4 Rxd1+ 48. Ke2 Rd4 49. Bg3 Rxh4 50. Bxh4 Kc6 51. f4 Bd4 52. Kd3 Kd5
53. f5 b5 54. Be1 Ba1 55. Bd2 Ke5 56. Kc2 Bd4 57. Kd3 Bc5 58. Bc3+ Kxf5 59. Bb2
Ke6 60. Ke4 f5+ 61. Kf4 Be7 62. Ke3 b4 63. Kd3 Kd5 64. Bg7 Bd6 65. Bh6 Be5 66.
Kc2 Kc4 67. Bg5 f4 68. Kd2 b3 69. Bh6 f3 70. Be3 Bd4 0-1

[Event "Int. Championship of Central Serbia - O"]
[Site "Paracin"]
[Date "2011.07.13"]
[Round "7.3"]
[White "Abramovic, Bosko"]
[Black "Lajthajm, Borko"]
[Result "1/2-1/2"]
[WhiteElo "2464"]
[BlackElo "2481"]
[PlyCount "114"]
[EventDate "2011.??.??"]

1. c4 Nf6 2. Nc3 c5 3. Nf3 g6 4. g3 Bg7 5. Bg2 O-O 6. O-O d5 7. cxd5 Nxd5 8.
Nxd5 Qxd5 9. d3 Nc6 10. a3 Qd7 11. Rb1 b6 12. b4 cxb4 13. axb4 Bb7 14. b5 Nd4
15. Nxd4 Bxg2 16. Kxg2 Bxd4 17. Qb3 Rfd8 18. Bd2 Qb7+ 19. Kg1 Rd5 20. Rfc1 Rad8
21. Rc4 Rh5 22. h4 Rf5 23. Be1 Bc5 24. Qc2 Qd7 25. Kg2 Bd6 26. Qb3 Rc8 27. d4
e5 28. e4 Rf6 29. Rbc1 Re8 30. d5 Bc5 31. Qb1 Rf8 32. f3 Rd6 33. Bb4 Qxb5 34.
Bxc5 Qxb1 35. Rxb1 bxc5 36. Rxc5 Rd7 37. Rbc1 h5 38. f4 exf4 39. gxf4 a6 40. e5
Ra7 41. Ra1 Rb8 42. Ra3 Rb4 43. Kf3 Kf8 44. Rca5 Rb6 45. Ke4 Ke7 46. R5a4 Rd7
47. d6+ Ke6 48. Rxa6 Rb4+ 49. Ke3 f6 50. R3a5 fxe5 51. Rxe5+ Kf6 52. Rg5 Rc4
53. Re5 Rc1 54. Kd4 Rd1+ 55. Kc5 Rc1+ 56. Kd5 Rd1+ 57. Kc5 Rc1+ 1/2-1/2

[Event "Int. Championship of Central Serbia - O"]
[Site "Paracin"]
[Date "2011.07.13"]
[Round "7.4"]
[White "Blagojevic, Dragisa"]
[Black "Damljanovic, Branko"]
[Result "1-0"]
[WhiteElo "2516"]
[BlackElo "2611"]
[PlyCount "147"]
[EventDate "2011.??.??"]

1. d4 Nf6 2. c4 c5 3. d5 e5 4. Nc3 d6 5. e4 Be7 6. g3 Nbd7 7. Bg2 O-O 8. Nge2
Kh8 9. O-O Ng8 10. Be3 Bg5 11. f4 Bh6 12. Qd2 a6 13. a4 Rb8 14. h3 exf4 15.
gxf4 Qh4 16. b3 g6 17. Rae1 b6 18. Kh1 f5 19. Ng1 Ndf6 20. e5 Nh5 21. Nce2 Bd7
22. Nf3 Qe7 23. Qc1 Bg7 24. Bf2 h6 25. Bh4 g5 26. exd6 Qxd6 27. fxg5 Rbe8 28.
Nfg1 f4 29. g6 Re3 30. Rf3 Re4 31. Nc3 Rxe1 32. Qxe1 Qxg6 33. Nge2 Qc2 34. Qd1
Bf5 35. Qxc2 Bxc2 36. d6 Bf6 37. Nxf4 Bxh4 38. Ng6+ Bxg6 39. Rxf8 Kg7 40. Rb8
Ngf6 41. Rb7+ Kf8 42. Rxb6 a5 43. Nd5 Nd7 44. Ra6 Be1 45. Bf3 Ng3+ 46. Kg1 Bf5
47. Kg2 Kf7 48. Ra8 Ne4 49. Ne3 Bg6 50. Ra7 Ke8 51. Bg4 Nef6 52. Be6 Be4+ 53.
Kf1 Bg3 54. Nf5 Be5 55. Rxa5 Kd8 56. Rb5 Bxf5 57. Bxf5 Bxd6 58. a5 Nb8 59. a6
Nxa6 60. Rb6 Ke7 61. Rxa6 Nh5 62. Bg4 Nf4 63. Kf2 h5 64. Bf5 h4 65. Kf3 Nh5 66.
Kg4 Ng7 67. Be4 Bg3 68. Bd5 Ne8 69. Kg5 Bf2 70. Re6+ Kd8 71. Bc6 Nc7 72. Re5
Na6 73. Rf5 Be3+ 74. Kxh4 1-0

[Event "Int. Championship of Central Serbia - O"]
[Site "Paracin"]
[Date "2011.07.13"]
[Round "7.5"]
[White "Djukic, Nikola"]
[Black "Nenezic, Marko"]
[Result "0-1"]
[WhiteElo "2508"]
[BlackElo "2274"]
[PlyCount "118"]
[EventDate "2011.??.??"]

1. e4 c5 2. Nf3 d6 3. d4 cxd4 4. Nxd4 Nf6 5. Nc3 a6 6. Be3 e5 7. Nb3 Be6 8. f3
Nbd7 9. g4 Nb6 10. g5 Nh5 11. Qd2 Be7 12. O-O-O O-O 13. Rg1 Rc8 14. Kb1 g6 15.
Qf2 Nc4 16. Bc1 Qc7 17. Nd5 Bxd5 18. exd5 f5 19. Bd3 Rf7 20. Qe2 Bf8 21. Bxc4
Qxc4 22. Qxc4 Rxc4 23. Na5 Rh4 24. Rg2 Rc7 25. Be3 Be7 26. c4 Rd7 27. Rc2 e4
28. fxe4 Rxe4 29. Bc1 f4 30. h4 f3 31. Rf2 Bd8 32. Nb3 Rf7 33. Rd3 Rxh4 34.
Rdxf3 Rxf3 35. Rxf3 Rxc4 36. Re3 Kf7 37. Re6 Be7 38. Re1 Rg4 39. Na5 Rd4 40.
Nxb7 Rxd5 41. a4 Ke8 42. b4 Kd7 43. Rg1 Rd4 44. Ba3 Rd5 45. Bc1 Rd4 46. Ba3 d5
47. Nc5+ Bxc5 48. bxc5 Rxa4 49. Kb2 Rf4 50. Rc1 Kc6 51. Re1 Re4 52. Rf1 Nf4 53.
Rh1 Re2+ 54. Kb3 Re3+ 55. Ka4 Ne6 56. Rxh7 Nxc5+ 57. Bxc5 Kxc5 58. Rc7+ Kd6 59.
Ra7 Ke5 0-1

[Event "Int. Championship of Central Serbia - O"]
[Site "Paracin"]
[Date "2011.07.13"]
[Round "7.6"]
[White "Nestorovic, Dejan"]
[Black "Miladinovic, Igor"]
[Result "0-1"]
[WhiteElo "2404"]
[BlackElo "2566"]
[PlyCount "74"]
[EventDate "2011.??.??"]

1. d4 d5 2. c4 Bf5 3. cxd5 Bxb1 4. Qa4+ c6 5. Rxb1 Qxd5 6. Nf3 Nd7 7. b4 Ngf6
8. e3 e6 9. Qc2 Qh5 10. Bd3 a5 11. a3 axb4 12. axb4 Nd5 13. Bd2 f5 14. b5 c5
15. e4 fxe4 16. Bxe4 Be7 17. O-O O-O 18. Rfe1 cxd4 19. Nxd4 Bd6 20. h3 Rac8 21.
Qd1 Qf7 22. Qf3 N7f6 23. Nxe6 Qxe6 24. Bf5 Bh2+ 25. Kxh2 Qd6+ 26. Kg1 Rcd8 27.
Rbd1 Qc5 28. Qb3 Kh8 29. Be6 Rd6 30. Bc1 Ra8 31. Rd3 Rxe6 32. Rxe6 Qxc1+ 33.
Rd1 Qc7 34. g3 Qc5 35. Re5 Rd8 36. g4 h6 37. h4 Nxg4 0-1

[Event "Int. Championship of Central Serbia - O"]
[Site "Paracin"]
[Date "2011.07.13"]
[Round "7.7"]
[White "Smith, Bryan G"]
[Black "Ardeleanu, Alin"]
[Result "1-0"]
[WhiteElo "2503"]
[BlackElo "2394"]
[PlyCount "99"]
[EventDate "2011.??.??"]

1. e4 d5 2. exd5 Qxd5 3. Nf3 Bg4 4. Be2 Nf6 5. d4 c6 6. O-O e6 7. h3 Bh5 8. c4
Qa5 9. Nc3 Be7 10. Be3 O-O 11. a3 Rd8 12. b4 Qc7 13. Qb3 Nbd7 14. Rfd1 a6 15.
Rac1 Rac8 16. g4 Bg6 17. d5 Nf8 18. dxc6 bxc6 19. Qa4 N8d7 20. Bf1 h5 21. g5
Ne4 22. Nxe4 Bxe4 23. Nd2 Bf5 24. Bg2 Ne5 25. Qxa6 Nd3 26. Ra1 Nf4 27. Bb6 Ne2+
28. Kf1 Ng3+ 29. fxg3 Qxg3 30. Bf2 Qxg5 31. Nf3 Qf4 32. Rd4 Rxd4 33. Nxd4 Rd8
34. Nxf5 Bc5 35. Ne7+ Kh7 36. Kg1 Qxf2+ 37. Kh1 Bxe7 38. Qxc6 Bf6 39. Rf1 Qb2
40. Qf3 h4 41. c5 Rd5 42. c6 Rf5 43. Qd3 g6 44. c7 Rxf1+ 45. Qxf1 Qc3 46. c8=Q
Qxc8 47. Qxf6 Qc1+ 48. Qf1 Qxa3 49. Qxf7+ Kh6 50. Qf4+ 1-0

[Event "Int. Championship of Central Serbia - O"]
[Site "Paracin"]
[Date "2011.07.13"]
[Round "7.8"]
[White "Stefanovic, Vladimir"]
[Black "Miljkovic, Miroslav D"]
[Result "0-1"]
[WhiteElo "2176"]
[BlackElo "2495"]
[PlyCount "188"]
[EventDate "2011.??.??"]

1. Nf3 d5 2. c4 c6 3. Qc2 Nf6 4. g3 g6 5. Bg2 Bg7 6. O-O O-O 7. b3 a5 8. Bb2
Na6 9. a3 a4 10. b4 dxc4 11. Qxc4 Nc7 12. d3 Be6 13. Qc2 Bb3 14. Qc1 Nb5 15.
Nc3 Rc8 16. Qd2 Nc7 17. Rfc1 Qd7 18. Qe1 Nfd5 19. Nd1 Nf6 20. Nc3 Ra8 21. Nd2
Qe6 22. Rab1 Rfd8 23. Nxb3 axb3 24. Qd1 Bh6 25. e3 Bg7 26. Ne2 Qg4 27. h3 Qd7
28. d4 h5 29. Qxb3 h4 30. g4 e6 31. Nf4 Nb5 32. Nd3 Qe7 33. a4 Nd6 34. Nc5 Nfe8
35. Nd3 Nf6 36. Ba3 Qe8 37. Nc5 Ra7 38. e4 Nc8 39. Bb2 Nd7 40. Nd3 Ndb6 41. a5
Na8 42. d5 Bxb2 43. Rxb2 cxd5 44. exd5 exd5 45. Bxd5 b6 46. Re1 Qd7 47. Be4 Qd6
48. Rbe2 Nc7 49. Qc3 Nb5 50. Qe5 Nd4 51. Ra2 bxa5 52. bxa5 Qa6 53. Qg5 Re7 54.
Kg2 Rde8 55. Nc5 Qd6 56. f4 Rc7 57. Nd3 Rce7 58. Qc5 Nb3 59. Qxd6 Nxd6 60. Ne5
Nc5 61. Bc6 Rc8 62. Bd5 Kg7 63. a6 Nb5 64. Rc1 Rec7 65. Bc6 Ne6 66. Rc4 Na7 67.
Rac2 f6 68. Bb7 Nxf4+ 69. Kf3 Rxc4 70. Nxc4 Ne6 71. Bxc8 Nd4+ 72. Ke4 Nxc2 73.
Bd7 Nb4 74. Be8 Nxa6 75. Nd6 Nc7 76. Ba4 Ne6 77. Kf3 Kf8 78. Ne4 Ke7 79. Nf2
Nc8 80. Kg2 Kd6 81. Bc2 Ne7 82. Ne4+ Ke5 83. Nd2 Kf4 84. Nf3 g5 85. Bb3 Nc5 86.
Bc4 Ke3 87. Bf7 Nd3 88. Ng1 Nf4+ 89. Kf1 Nc6 90. Bb3 Ne5 91. Bd1 Nc4 92. Ke1
Nd2 93. Be2 Ng2+ 94. Kd1 Ne4 0-1

[Event "Int. Championship of Central Serbia - OP"]
[Site "Paracin"]
[Date "2011.07.13"]
[Round "7.9"]
[White "Doric, Darko"]
[Black "Andrijevic, Milan"]
[Result "1-0"]
[WhiteElo "2491"]
[BlackElo "2365"]
[PlyCount "141"]
[EventDate "2011.07.08"]

1. d4 d5 2. c4 e6 3. Nf3 c5 4. cxd5 exd5 5. Nc3 Nc6 6. g3 Nf6 7. Bg2 Be7 8. O-O
O-O 9. Bg5 c4 10. Ne5 Be6 11. f4 Ne8 12. Nxc6 bxc6 13. Bxe7 Qxe7 14. e4 dxe4
15. Bxe4 Rb8 16. Rf2 Qd6 17. f5 Bd5 18. Bxd5 cxd5 19. Qf3 Nf6 20. Re1 Rfe8 21.
Rfe2 Rxe2 22. Rxe2 h5 23. h3 Rb7 24. Kg2 Re7 25. Rxe7 Qxe7 26. Qe2 Qb7 27. Kf3
Qb6 28. Qd2 Qb8 29. Qf2 g6 30. fxg6 fxg6 31. Qe2 Kf7 32. Qe5 Qxb2 33. Nxd5 Qa3+
34. Kf4 Nxd5+ 35. Qxd5+ Kg7 36. Qxc4 g5+ 37. Kxg5 Qxg3+ 38. Kxh5 Qxh3+ 39. Kg5
Qg3+ 40. Kf5 Qf3+ 41. Ke5 Qf6+ 42. Kd5 Qf7+ 43. Kc5 Qc7+ 44. Kb5 Qb6+ 45. Ka4
Kf6 46. a3 Qb7 47. Qb5 Qc7 48. Qc5 Qd7+ 49. Ka5 Qb7 50. Qe5+ Kf7 51. Qd6 Qb3
52. Qc5 Kf6 53. a4 Qb7 54. Qe5+ Kf7 55. Qd6 Qb3 56. Qc5 Ke6 57. Qc6+ Kf7 58. d5
Qd3 59. Qb5 Qd4 60. Ka6 Ke7 61. Qc6 Kf7 62. Kb7 Ke7 63. Kc7 a5 64. d6+ Kf8 65.
Qa8+ Kf7 66. Qxa5 Qc4+ 67. Kb8 Ke6 68. Qb5 Qf4 69. Qc6 Qh2 70. a5 Qh6 71. Kc7
1-0

[Event "Int. Championship of Central Serbia - OP"]
[Site "Paracin"]
[Date "2011.07.13"]
[Round "7.11"]
[White "Nestorovic, Lazar"]
[Black "Stankovic, Milos"]
[Result "1-0"]
[WhiteElo "2428"]
[BlackElo "2364"]
[PlyCount "95"]
[EventDate "2011.07.08"]

1. e4 c5 2. Nf3 d6 3. d4 cxd4 4. Nxd4 Nf6 5. Nc3 a6 6. f3 e5 7. Nb3 Be6 8. Be3
Be7 9. Qd2 O-O 10. O-O-O a5 11. Bb5 Na6 12. Qe2 a4 13. Nxa4 Nc7 14. Nc3 Nxb5
15. Qxb5 Qc7 16. Kb1 Rfc8 17. Bb6 Qc6 18. Qxc6 bxc6 19. Be3 d5 20. Bc5 Bxc5 21.
Nxc5 d4 22. N3a4 Rcb8 23. c3 Nd7 24. cxd4 Nxc5 25. Nxc5 Rxa2 26. Rd2 Rba8 27.
Rhd1 exd4 28. Rxd4 Ra1+ 29. Kc2 Rxd1 30. Rxd1 Bc4 31. Nb7 Kf8 32. Rd8+ Rxd8 33.
Nxd8 Bb5 34. f4 Ke7 35. Nb7 h6 36. Kc3 g5 37. g3 Kf6 38. Kd4 h5 39. fxg5+ Kxg5
40. Nd6 Kg4 41. Nxf7 Kh3 42. Ke5 Kxh2 43. Kf4 c5 44. e5 Bd7 45. Ng5 Kg2 46. e6
Be8 47. Ne4 c4 48. Nd6 1-0

[Event "Int. Championship of Central Serbia - OP"]
[Site "Paracin"]
[Date "2011.07.13"]
[Round "7.12"]
[White "Radlovacki, Jovan"]
[Black "Brankovic, Dejan"]
[Result "1-0"]
[WhiteElo "2417"]
[BlackElo "2338"]
[PlyCount "69"]
[EventDate "2011.07.08"]

1. e4 c5 2. Nf3 d6 3. d4 cxd4 4. Qxd4 Nc6 5. Bb5 Bd7 6. Bxc6 Bxc6 7. Bg5 Nf6 8.
Nc3 e6 9. O-O-O Be7 10. h4 O-O 11. h5 h6 12. Bh4 d5 13. e5 Ne4 14. Nxe4 dxe4
15. Qxd8 Bxd8 16. Nd4 Bc7 17. Nxc6 bxc6 18. Rhe1 Bxe5 19. Rxe4 f6 20. c3 Rac8
21. Kc2 Rf7 22. g3 Re8 23. Rde1 Rd7 24. f4 Bd6 25. Rxe6 Rxe6 26. Rxe6 f5 27.
Re8+ Kf7 28. Re2 Bc7 29. Kb3 Bb6 30. Kc4 Rd5 31. b4 Rd6 32. Re7+ Kg8 33. Re5
Rd2 34. a4 Rg2 35. Re6 1-0

[Event "Int. Championship of Central Serbia - OP"]
[Site "Paracin"]
[Date "2011.07.13"]
[Round "7.13"]
[White "Djurovic, Goran"]
[Black "Pancevski, Filip"]
[Result "0-1"]
[WhiteElo "2328"]
[BlackElo "2410"]
[PlyCount "128"]
[EventDate "2011.07.08"]

1. d4 Nf6 2. c3 g6 3. Bg5 Bg7 4. Nd2 d6 5. e4 O-O 6. Ngf3 Nc6 7. a4 e5 8. dxe5
Nxe5 9. Nxe5 dxe5 10. Bc4 h6 11. Bh4 Qe8 12. O-O a5 13. Re1 Nd7 14. Bb5 Qe6 15.
Bc4 Qb6 16. Qc2 Bf6 17. Bg3 h5 18. h3 Qc5 19. Bf1 Nb6 20. Nb3 Qe7 21. f3 Bd7
22. Nd2 Bh4 23. Bxh4 Qxh4 24. Red1 Qe7 25. Kh1 Be6 26. Bd3 Qc5 27. Nf1 Rfd8 28.
b3 h4 29. Qb2 Nd7 30. b4 Qb6 31. Qd2 Nf8 32. Qg5 axb4 33. cxb4 Qxb4 34. Qxe5
Rxa4 35. Rab1 Qe7 36. Ne3 c6 37. Ng4 Nd7 38. Qc7 Rd4 39. Qxb7 Bxg4 40. hxg4 Qf6
41. Be2 Ne5 42. Rxd4 Rxd4 43. Qb2 Rd8 44. Qc1 g5 45. Qe3 Kg7 46. Rf1 Ng6 47.
Rc1 Qf4 48. Qxf4 Nxf4 49. Bf1 Rc8 50. Kg1 c5 51. Bc4 Kf6 52. Kf2 Ke5 53. Rd1
Rb8 54. Rd2 f6 55. Rc2 Kd4 56. Bf1 Rb4 57. Rd2+ Ke5 58. Rc2 Ne6 59. Ra2 Nd4 60.
Ra5 Kf4 61. Rxc5 Rb2+ 62. Kg1 Kg3 63. Rc3 Rxg2+ 64. Bxg2 Ne2+ 0-1

[Event "Int. Championship of Central Serbia - OP"]
[Site "Paracin"]
[Date "2011.07.13"]
[Round "7.14"]
[White "Sertic, Rudolf"]
[Black "Toth, Aleksandar"]
[Result "1/2-1/2"]
[WhiteElo "2406"]
[BlackElo "2315"]
[PlyCount "182"]
[EventDate "2011.07.08"]

1. d4 d6 2. Nf3 Bg4 3. c4 Nd7 4. Nc3 e5 5. e3 Ngf6 6. Be2 Be7 7. O-O O-O 8. Qc2
c6 9. Rd1 Qc7 10. b3 Rfe8 11. Bb2 Bf8 12. Rac1 h6 13. dxe5 dxe5 14. Nd2 Bxe2
15. Nxe2 a5 16. a3 Rad8 17. Ng3 Nc5 18. Bc3 b5 19. cxb5 cxb5 20. Bxa5 Qxa5 21.
b4 Qxa3 22. bxc5 Nd5 23. Nb1 Qa6 24. Qe4 Qe6 25. h3 g6 26. Qh4 Kg7 27. Qe4 b4
28. Qc4 Nc3 29. Rxd8 Qxc4 30. Rxe8 Bxc5 31. Rc8 h5 32. Nxc3 bxc3 33. Ne4 Qxe4
34. Rxc5 h4 35. R5xc3 g5 36. Rc7 Qd5 37. Re7 Qd2 38. Rb1 Qc3 39. Rd1 Kf8 40.
Rb7 Kg7 41. Rbd7 Qb4 42. Rc7 Qa5 43. Rb7 Qc3 44. e4 Kg6 45. Rb6+ Kg7 46. Rbd6
Qb4 47. f3 Qc5+ 48. Kh1 Qf2 49. R6d5 Qb2 50. Rc5 Qb3 51. Rdc1 Qb2 52. R5c2 Qd4
53. Re2 Qb6 54. Kh2 Qf6 55. Rc7 Qf4+ 56. Kh1 Qf6 57. Rd2 Qb6 58. Rc1 Qe3 59.
Rcd1 Kg6 60. Rd5 Qf4 61. Kg1 Kg7 62. Kf1 Qf6 63. Rd6 Qf4 64. Rd7 Qf6 65. R1d6
Qf4 66. Rc6 Qe3 67. Rcc7 Kg6 68. Rd6+ Kg7 69. Rd5 Qb6 70. Rc1 Qa6+ 71. Kg1 Qb6+
72. Rdc5 Qf6 73. Kf2 Qf4 74. R1c2 Qg3+ 75. Kf1 Qf4 76. Rd5 Qf6 77. Kg1 Qf4 78.
Rc3 Kg6 79. Kf2 Qg3+ 80. Kf1 Qf4 81. Rc6+ Kg7 82. Rcc5 Qe3 83. Rxe5 Qd3+ 84.
Kg1 Qe3+ 85. Kh2 f6 86. Re7+ Kf8 87. Rec7 g4 88. hxg4 Qe1 89. Rc1 Qg3+ 90. Kg1
h3 91. R1c2 h2+ 1/2-1/2

[Event "Int. Championship of Central Serbia - OP"]
[Site "Paracin"]
[Date "2011.07.13"]
[Round "7.15"]
[White "Vucinic, Gojko"]
[Black "Zlatanovic, Boroljub"]
[Result "0-1"]
[WhiteElo "2081"]
[BlackElo "2433"]
[PlyCount "81"]
[EventDate "2011.07.08"]

1. e4 e6 2. d4 d5 3. Nc3 Bb4 4. e5 c5 5. a3 Bxc3+ 6. bxc3 Ne7 7. Qg4 Qc7 8.
Qxg7 Rg8 9. Qxh7 cxd4 10. Ne2 Nbc6 11. f4 dxc3 12. Qd3 d4 13. Nxd4 Nxd4 14.
Qxd4 Bd7 15. Rb1 Nf5 16. Qf2 Bc6 17. Be3 O-O-O 18. Rg1 Qa5 19. Bxa7 Qxa3 20.
Bd3 Rxd3 21. cxd3 c2 22. Qxc2 Qxa7 23. Qf2 Nd4 24. Kf1 Rd8 25. g4 Qa3 26. Rg3
Nb5 27. Qc2 Nc3 28. Rc1 Nd5 29. Qd2 Qa4 30. Rc4 Qa1+ 31. Rc1 Qa4 32. Rc4 Qb5
33. Kg1 Nb6 34. Rc1 Qd5 35. Kf2 Nc4 36. Qc3 Nb6 37. Qc5 Qa2+ 38. Rc2 Qa4 39.
Kf1 Nd5 40. d4 Nxf4 41. Ra3 0-1

[Event "Int. Championship of Central Serbia - OP"]
[Site "Paracin"]
[Date "2011.07.13"]
[Round "7.16"]
[White "Ravic, Nenad"]
[Black "Pikula, Dejan"]
[Result "0-1"]
[WhiteElo "2311"]
[BlackElo "2532"]
[PlyCount "76"]
[EventDate "2011.07.08"]

1. e4 c5 2. Nf3 e6 3. d4 cxd4 4. Nxd4 a6 5. c4 Nf6 6. Nc3 Qc7 7. Be2 b6 8. Be3
Bb7 9. f3 d6 10. O-O Be7 11. Qd2 Nbd7 12. a4 O-O 13. a5 bxa5 14. Nb3 Rab8 15.
Nxa5 Ba8 16. Rfb1 h5 17. b4 h4 18. Bd4 d5 19. exd5 Rxb4 20. dxe6 fxe6 21. Rd1
Bd6 22. h3 Rbb8 23. Qg5 e5 24. c5 Bxc5 25. Bc4+ Kh8 26. Bxc5 Qxc5+ 27. Kh1 Nh7
28. Qd2 Ndf6 29. Qd6 Qe3 30. Qd2 Qa7 31. Nd5 Nh5 32. Nb3 Rbd8 33. Nf4 Nxf4 34.
Qxd8 Qf2 35. Qd2 Qg3 36. Bf1 Nxh3 37. Qe1 Nf2+ 38. Kg1 h3 0-1

[Event "Int. Championship of Central Serbia - OP"]
[Site "Paracin"]
[Date "2011.07.13"]
[Round "7.17"]
[White "Majeric, Zoran"]
[Black "Pavlov, Sergey"]
[Result "0-1"]
[WhiteElo "2278"]
[BlackElo "2505"]
[PlyCount "88"]
[EventDate "2011.07.08"]

1. e4 e5 2. Nf3 Nc6 3. Bb5 a6 4. Bxc6 dxc6 5. d3 f6 6. d4 exd4 7. Qxd4 Qxd4 8.
Nxd4 Bd6 9. Be3 Ne7 10. Nd2 c5 11. N4b3 b6 12. O-O-O Be6 13. Kb1 O-O-O 14. Nc1
Nc6 15. Ne2 Rd7 16. h3 Re8 17. Bf4 Nd4 18. Bxd6 Nxe2 19. Rde1 Nc3+ 20. bxc3
cxd6 21. Re3 Bf7 22. Rhe1 Kc7 23. a3 Rde7 24. Nf1 Bc4 25. Ng3 g6 26. h4 h5 27.
Kc1 d5 28. Kd2 d4 29. cxd4 cxd4 30. Rf3 f5 31. Rf4 Kd6 32. e5+ Kc5 33. c3 d3
34. Rxc4+ Kxc4 35. f4 b5 36. Rb1 a5 37. Nf1 Rd8 38. Ne3+ Kc5 39. Rb2 Rb7 40.
Rb3 Rb6 41. Nd1 b4 42. cxb4+ axb4 43. axb4+ Rxb4 44. Rc3+ Rc4 0-1

[Event "Int. Championship of Central Serbia - OP"]
[Site "Paracin"]
[Date "2011.07.13"]
[Round "7.18"]
[White "Farago, Ivan"]
[Black "Doric, Nenad"]
[Result "1-0"]
[WhiteElo "2485"]
[BlackElo "2322"]
[PlyCount "125"]
[EventDate "2011.07.08"]

1. d4 d5 2. c4 c6 3. Nc3 dxc4 4. e4 b5 5. a4 b4 6. Nce2 Nf6 7. Ng3 Ba6 8. Nf3
e6 9. Qc2 Nbd7 10. Bxc4 Bxc4 11. Qxc4 c5 12. O-O Be7 13. d5 exd5 14. exd5 Nb6
15. Qb5+ Qd7 16. Nf5 Qxb5 17. axb5 Nfxd5 18. Re1 f6 19. Be3 Kf7 20. Nxe7 Kxe7
21. Bxc5+ Kf7 22. Nd4 Rhc8 23. Nb3 Rc7 24. g3 Re8 25. Reb1 Rec8 26. Bd4 Ne7 27.
Ra5 Nf5 28. Rba1 Nxd4 29. Nxd4 Rc1+ 30. Kg2 Rxa1 31. Rxa1 Rc7 32. Nc6 Nc8 33.
Nxb4 Rb7 34. Ra5 Ke6 35. Nd3 Rb6 36. Nf4+ Kd6 37. b4 Ke5 38. Kf3 Kd4 39. Ra1
Rd6 40. Rc1 Nb6 41. Ne2+ Ke5 42. Rc5+ Ke6 43. Rc7 Rd7 44. Rc6+ Ke5 45. Rc5+ Ke6
46. Nc3 Rd4 47. Rc7 Rxb4 48. Rxa7 Rb3 49. Ra6 Ke5 50. Rxb6 Rxc3+ 51. Ke2 h5 52.
Rb8 g5 53. Kd2 Rf3 54. b6 Rb3 55. Kc2 Rb5 56. f3 h4 57. Kc3 hxg3 58. hxg3 Kd5
59. b7 Kc6 60. Rf8 Kxb7 61. Rxf6 Kc7 62. g4 Kd7 63. Rf5 1-0

[Event "Int. Championship of Central Serbia - OP"]
[Site "Paracin"]
[Date "2011.07.13"]
[Round "7.19"]
[White "Arsovic, Zoran"]
[Black "Stanojevic, Branko"]
[Result "1/2-1/2"]
[WhiteElo "2463"]
[BlackElo "2292"]
[PlyCount "40"]
[EventDate "2011.07.08"]

1. Nf3 Nf6 2. c4 e6 3. g3 b6 4. Bg2 Bb7 5. O-O Be7 6. d4 O-O 7. Re1 d5 8. cxd5
exd5 9. Nc3 Na6 10. Bf4 c5 11. e3 Re8 12. h4 Ne4 13. Rc1 cxd4 14. exd4 Bb4 15.
Qb3 Bxc3 16. bxc3 Nc7 17. Ng5 Ne6 18. Nh3 Rc8 19. a4 Qd7 20. Be3 Ba6 1/2-1/2

[Event "Int. Championship of Central Serbia - OP"]
[Site "Paracin"]
[Date "2011.07.13"]
[Round "7.20"]
[White "Nikolov, Sasho"]
[Black "Sarenac, David"]
[Result "1-0"]
[WhiteElo "2412"]
[BlackElo "2315"]
[PlyCount "83"]
[EventDate "2011.07.08"]

1. Nf3 Nf6 2. c4 g6 3. Nc3 d5 4. cxd5 Nxd5 5. Qb3 Nb6 6. d4 Bg7 7. Bf4 O-O 8.
e3 a5 9. Rc1 a4 10. Qa3 Nc6 11. Bb5 Bd7 12. O-O Re8 13. d5 Na5 14. Qc5 c6 15.
dxc6 bxc6 16. Nxa4 Nd5 17. Be2 Nb7 18. Qc2 Nb4 19. Qb3 Qa5 20. Ng5 h6 21. Qxf7+
Kh8 22. Qxg6 hxg5 23. Qh5+ Kg8 24. Bc4+ e6 25. Bxg5 Nd6 26. Nc5 Qxc5 27. Bxe6+
Bxe6 28. Rxc5 Ne4 29. Bh6 Bxh6 30. Re5 Bg7 31. Rxe4 Nd5 32. Qg6 Nf6 33. Rf4 Bf7
34. Qc2 Rxa2 35. Qxc6 Re6 36. Qb7 Re8 37. b4 Bd5 38. Qb5 Re5 39. h4 Kh7 40. Rd1
Rh5 41. Rxf6 Bxf6 42. Rxd5 1-0

[Event "Int. Championship of Central Serbia - OP"]
[Site "Paracin"]
[Date "2011.07.13"]
[Round "7.21"]
[White "Rotoni, Matteo"]
[Black "Milenkovic, Mladen"]
[Result "1-0"]
[WhiteElo "2180"]
[BlackElo "2405"]
[PlyCount "95"]
[EventDate "2011.07.08"]

1. e4 g6 2. d4 Bg7 3. Nc3 d6 4. Be3 c6 5. Qd2 b5 6. f3 Nd7 7. Bd3 Nb6 8. b3 a5
9. Nge2 Ba6 10. a3 Nc4 11. Bxc4 bxc4 12. O-O cxb3 13. cxb3 Nf6 14. Rfc1 O-O 15.
Rab1 Re8 16. Na4 Qc7 17. Nec3 Nd7 18. b4 axb4 19. axb4 Qb8 20. d5 Bb5 21. dxc6
Bxc6 22. b5 Bb7 23. Bd4 e5 24. Be3 f5 25. Rb4 fxe4 26. fxe4 Nf6 27. Nb6 Ra5 28.
Nbd5 Ng4 29. b6 Nxe3 30. Qxe3 Ra3 31. Qd2 Qd8 32. g3 Rf8 33. Rc4 Ba6 34. Rc7
Kh8 35. b7 Rb3 36. Rc8 Qd7 37. Rxf8+ Bxf8 38. Qf2 Bg7 39. Nf6 Qxb7 40. Ncd5 Rb1
41. Qc2 Rxc1+ 42. Qxc1 Qb5 43. g4 Bh6 44. Qe1 Qc5+ 45. Qf2 Bb5 46. h4 Bc1 47.
Kg2 Kg7 48. Nh5+ 1-0

[Event "Int. Championship of Central Serbia - OP"]
[Site "Paracin"]
[Date "2011.07.13"]
[Round "7.22"]
[White "Indjic, Aleksandar"]
[Black "Popovic, Djordje D"]
[Result "1-0"]
[WhiteElo "2373"]
[BlackElo "2259"]
[PlyCount "74"]
[EventDate "2011.07.08"]

1. d4 Nf6 2. c4 e6 3. Nf3 c5 4. d5 exd5 5. cxd5 d6 6. Nc3 g6 7. Bf4 a6 8. a4
Bg7 9. h3 O-O 10. e3 Qe7 11. Nd2 Nbd7 12. Be2 Ne5 13. O-O Nfd7 14. Bh2 f5 15.
Qc2 Nf6 16. Rae1 Rb8 17. f4 Nf7 18. a5 b5 19. axb6 Rxb6 20. Nc4 Rb4 21. b3 Bb7
22. Bf3 Qc7 23. g4 Bc8 24. g5 Nd7 25. Na4 Nb8 26. h4 Bd7 27. Nab2 Bb5 28. Nd3
Bxc4 29. bxc4 Rb7 30. e4 fxe4 31. Rxe4 Qc8 32. Re6 Nd7 33. h5 Bd4+ 34. Kh1 gxh5
35. Bxh5 Nfe5 36. Re1 Nxd3 37. Qxd3 Nb6 1-0

[Event "Int. Championship of Central Serbia - OP"]
[Site "Paracin"]
[Date "2011.07.13"]
[Round "7.23"]
[White "Weinzettl, Ernst"]
[Black "Djosic, Slavoljub"]
[Result "0-1"]
[WhiteElo "2335"]
[BlackElo "2213"]
[PlyCount "78"]
[EventDate "2011.07.08"]

1. e4 e5 2. Bc4 Nf6 3. d3 c6 4. Nf3 Be7 5. O-O d6 6. a4 O-O 7. Re1 Nbd7 8. Nbd2
Qc7 9. c3 d5 10. Bb3 Bd6 11. Nf1 Nc5 12. Bc2 dxe4 13. dxe4 Re8 14. Ng3 Ne6 15.
Nf5 Bf8 16. N3h4 Nf4 17. g3 Ng6 18. Bg5 Nxh4 19. Bxh4 Nd7 20. Qf3 g6 21. Ne3
Bg7 22. Ng4 h5 23. Ne3 Nf8 24. Nf5 Nh7 25. Nxg7 Kxg7 26. Qe3 f6 27. g4 Bxg4 28.
h3 Be6 29. Kh2 g5 30. Rg1 Kh8 31. Bd1 Bf7 32. Bg3 Qb6 33. Qxb6 axb6 34. h4 gxh4
35. Bxh4 Red8 36. Rg3 Rd2 37. Rf3 Kg7 38. Re3 Rad8 39. Be2 Rxb2 0-1